Elementary statistics / (Record no. 19045)
[ view plain ]
| 000 -LEADER | |
|---|---|
| fixed length control field | 00898cam a2200265Ia 4500 |
| 001 - CONTROL NUMBER | |
| control field | ocm49960954 |
| 003 - CONTROL NUMBER IDENTIFIER | |
| control field | OCoLC |
| 005 - DATE AND TIME OF LATEST TRANSACTION | |
| control field | 20220304134444.0 |
| 008 - FIXED-LENGTH DATA ELEMENTS--GENERAL INFORMATION | |
| fixed length control field | 020610s2002 maua 001 0 eng d |
| 020 ## - INTERNATIONAL STANDARD BOOK NUMBER | |
| International Standard Book Number | 0201734257 |
| 020 ## - INTERNATIONAL STANDARD BOOK NUMBER | |
| International Standard Book Number | 9780201734256 |
| 035 ## - SYSTEM CONTROL NUMBER | |
| System control number | (OCoLC)49960954 |
| 040 ## - CATALOGING SOURCE | |
| Original cataloging agency | ABF |
| Language of cataloging | eng |
| Transcribing agency | ABF |
| Modifying agency | OCLCQ |
| -- | OCLCG |
| -- | OCLCF |
| -- | OCLCQ |
| -- | OCLCO |
| 050 #4 - LIBRARY OF CONGRESS CALL NUMBER | |
| Classification number | QA276.12 |
| Item number | .W4452 2002x |
| 100 1# - MAIN ENTRY--PERSONAL NAME | |
| Personal name | Weiss, N. A. |
| Fuller form of name | (Neil A.) |
| 9 (RLIN) | 12354 |
| 245 10 - TITLE STATEMENT | |
| Title | Elementary statistics / |
| Statement of responsibility, etc. | Neil A. Weiss ; biographies by Carol A. Weiss. |
| 250 ## - EDITION STATEMENT | |
| Edition statement | 5th ed., instructor's ed. |
| 260 ## - PUBLICATION, DISTRIBUTION, ETC. | |
| Place of publication, distribution, etc. | Boston : |
| Name of publisher, distributor, etc. | Addison-Wesley, |
| Date of publication, distribution, etc. | �2002. |
| 300 ## - PHYSICAL DESCRIPTION | |
| Extent | xxvi, 654, 95, 9 pages : |
| Other physical details | color illustrations ; |
| Dimensions | 26 cm + |
| Accompanying material | 1 computer optical disc (4 3/4 in.) |
| 500 ## - GENERAL NOTE | |
| General note | Includes indexes. |
| 650 #0 - SUBJECT ADDED ENTRY--TOPICAL TERM | |
| Topical term or geographic name entry element | Statistics. |
| 9 (RLIN) | 12356 |
| 650 #7 - SUBJECT ADDED ENTRY--TOPICAL TERM | |
| Topical term or geographic name entry element | Statistics. |
| Source of heading or term | fast |
| 9 (RLIN) | 12357 |
| 942 ## - ADDED ENTRY ELEMENTS (KOHA) | |
| Koha item type | Books |
| 948 ## - LOCAL PROCESSING INFORMATION (OCLC); SERIES PART DESIGNATOR (RLIN) | |
| h (OCLC) | NO HOLDINGS IN GHUCC - 19 OTHER HOLDINGS |
| Lost status | Collection code | Home library | Shelving location | Date acquired | Total Checkouts | Full call number | Barcode | Date last seen | Date last checked out | Koha item type |
|---|---|---|---|---|---|---|---|---|---|---|
| Open | UCC Main Library | 12/14/2017 | 3 | QA276.12.W43 | 30261100243320 | 05/23/2018 | 05/09/2018 | Books |